000 00505nam a2200193 4500
003 SEACOMEC
005 20251105122758.0
008 250217b |||||||| |||| 00| 0 eng d
020 _a9780070669307
_c300.00
040 _aSEACOMEC
082 _a621.3
_bC435
100 _aChakrabarti, Abhijit
245 _aBasic Electrical Engineering
_cAbhijit Chakrabarti
260 _aNew Delhi
_bTMH
_c2009
650 _aElectrical Engineering
700 _aNath, Sudipta
700 _aChanda, C.K
942 _cBBK
999 _c2014
_d2014